000 00528nam a22001817a 4500
005 20251108164058.0
008 250721s1970 xx 000 0 ara d
082 1 4 _a216,911/جزا
100 1 _aالجزائري، أبو بكر
245 1 0 _aالدستور الإسلامي /
250 _aط 2
264 1 _aبيروت :
_bالمكتب الإسلامي،
_c1970.
300 _a90ص
650 1 7 _aنظام الحكم في الإسلام
650 1 7 _aالأحكام السلطانية
942 _2ddc
_cBK
999 _c3051
_d3051